000 02764cam a22004574i 4500
003 PE-LiUPU
005 20250731165357.0
008 150902s2015 pe a grm 000 0 spa d
035 _a(Sirsi) a154290
040 _aPE-LiUPU
_bspa
_cPE-LiUPU
_erda
099 _aTF 3
_bS18 2015
100 1 _aSalazar Calderón, Nelson Mauricio
_eautor
245 1 _aClima social familiar y su relación con la comunicación marital de los líderes de la Iglesia Adventista del Séptimo Día de la Asociación del Alto Magdalena Bogota: Colombia, 2014 /
_cNelson Mauricio Salazar Calderón.
264 0 _c2015.
300 _a161 hojas :
_bilustraciones;
_c30 cm
336 _atext
_2rdacontent
337 _aunmediated
_2rdamedia
338 _avolume
_2rdacarrier
502 _aTesis
_b(Mg.) --
_cUniversidad Peruana Unión,
_d2015.
504 _aIncluye referencias
520 3 _aEn este trabajo de investigación se buscó conocer las relaciones entre clima social familiar y la comunicación marital de los líderes de la Iglesia Adventista del Séptimo Día de la Asociación del Alto Magdalena. La muestra estuvo conformada por 135 líderes. El diseño de esta investigación fue descriptivo correlacional. Se utilizó la escala de clima social en la familia (FES, INSEM y Moss, 1984) y comunicación marital (adaptada) Alexix Alles y colaboradores 2009. En el cual se concluyó la relación de las variables clima social familiar y comunicación marital aplicándose la prueba de independencia chi cuadrado = 31.803 con g.l. = Hallándose que el valor p= .011 a un nivel de significativa. Luego habiendo evidencias suficientes para rechazar la hipótesis nula, se toma la decisión de aceptar la hipótesis de investigación. Por lo cual se concluye que existe relación directa y significativa entre el clima familiar y la comunicación marital de los líderes de la Iglesia Adventista del Séptimo Día de la Asociación del Alto Magdalena Bogotá: Colombia 2014. Lo que significa que cuando la comunicación marital tiende a ser más positiva, el clima social familiar tiende a ser significativamente alto.
526 _aSEG44
526 _aSEG26
526 _aP151
526 _aP150
526 _aP149
526 _aP146
526 _aP145
526 _aP126
526 _aP125
526 _aP92
526 _aP75
526 _aP74
526 _aP27
526 _aP15
650 0 4 _aFamilias
_xComunicación en el matrimonio
_xAdvenitstas del Séptimo Día
_zColombia
_vTesis.
650 0 4 _aRelaciones de pareja
_xFamilias
_vTesis.
596 _a1
942 _2ddc
_cTESIS
999 _aTF 3 S18 2015
_wALPHANUM
_c6988
_iT01806
_d6988
_lCCODEBUL3
_mBUL
_q1
_r1
_sY
_tTESIS
_u2015-9-2
_xPOSGRADO
_PP54
_o.STAFF. Tesis
980 _81
_gALBERTO SANCHEZ Responsable de Automatización